• 首页
  • 本馆介绍
  • 公告通知
  • 最新文献
  • 馆藏检索
  • 电子资源
  • 读者导购
  • 参考咨询
  • 我的图书馆
  • 登录
  • 详细信息显示
  • 放入我的书架
  • 预约/预借图书
  • 作者相关作品
  • 分类相关作品
  • 丛书相关作品
  • 出版社相关作品

书目信息

  • 表格格式
  • 工作单格式
  • 卡片格式
题名:
台湾与前苏联交往秘录
    
 
作者: 李健 编著
分册: 下册  
出版信息: 北京   中国社会出版社  1995
页数: 411页
开本: 20cm
丛书名:
单 册:
中图分类: D827
科图分类:
主题词: 中苏关系--台湾--史料
电子资源:
ISBN: 7-80088-705-7
000 00633nnam 2200217 45
001 1235710500
005 20121005095730.51
010    @a7-80088-705-7@dCNY16.00
100    @a19950622d1995 kemy0chiy0121 ea
101 0  @achi
102    @aCN@b110000
105    @af z 000yy
200 10 @a台湾与前苏联交往秘录@ATAI WAN YU QIAN SU LIAN JIAO WANG MI LU@h下册@f李 健编著@FLI JIAN BIAN ZHU
210    @a北京@c中国社会出版社@d1995
215    @a411页@c照片@d20cm
540 1  @a苏联@ASU LIAN
606    @a中苏关系@y台湾@x史料
690    @aD827@v4
701  0 @a李健@ALI JIAN@4编著
801  0 @aCN@bTSSF@c19950622
905    @a10447@dD827@eJY1:2
    
    台湾与前苏联交往秘录.下册/李 健编著.-北京:中国社会出版社,1995
    411页:照片;20cm
    
    
    ISBN 7-80088-705-7:CNY16.00
    
●
相关链接 在E读中查询图书 在五车中查询图书 在当当中查询图书 在豆瓣中查询图书


正题名:台湾与前苏联交往秘录     索取号:D827/JY1:2         预约/预借

序号 登录号 条形码 馆藏地/架位号 状态 备注
1 7812540   278125404   学院路分馆/ [索取号:D827/JY1:2] 在馆    
2 7812541   278125413   学院路分馆/ [索取号:D827/JY1:2] 在馆    
3 7812542   278125422   学院路分馆/ [索取号:D827/JY1:2] 在馆    
4 7812543   278125431   学院路分馆/ [索取号:D827/JY1:2] 在馆    
唐山师范学院图书馆 欢迎您!
大连网信软件有限公司© 版权所有